Informe final del Ejercicio Profesional Supervisado, realizado en Grupo Esmeralda los Kuatro, Sociedad Anónima, Tactic, Alta Verapaz/ (Registro nro. 1180)
[ vista simple ]
| 000 -LEADER | |
|---|---|
| campo de control de longitud fija | 03572nam a22003137i 4500 |
| 001 - NÚMERO DE CONTROL | |
| campo de control | TCPA 84 |
| 003 - IDENTIFICADOR DE NÚMERO DE CONTROL | |
| campo de control | gtcocun |
| 005 - FECHA Y HORA DE LA ÚLTIMA TRANSACCIÓN | |
| campo de control | 20250818213300.0 |
| 006 - CÓDIGOS DE INFORMACIÓN DE LONGITUD FIJA--CARACTERÍSTICAS DEL MATERIAL ADICIONAL | |
| campo de control de longitud fija | a||||gr|||| 00| 0 |
| 008 - DATOS DE LONGITUD FIJA--INFORMACIÓN GENERAL | |
| campo de control de longitud fija | 250818b2019 gt ||||| m||| 00| 0 eng d |
| 040 ## - FUENTE DE CATALOGACIÓN | |
| Centro catalogador/agencia de origen | gtcocun |
| Lengua de catalogación | SPA |
| Centro/agencia transcriptor | gtcocun |
| Normas de descripción | RDA |
| 041 ## - CÓDIGO DE IDIOMA | |
| Código de lengua del texto/banda sonora o título independiente | SPA |
| 084 ## - OTRO NÚMERO DE CLASIFICACIÓN | |
| Número de control del registro de autoridad o número normalizado | TCPA 84 |
| 100 ## - ENTRADA PRINCIPAL--NOMBRE DE PERSONA | |
| Nombre de persona | Caál Cuc, Felipe Antonio |
| Término indicativo de función/relación | Autor |
| 245 ## - MENCIÓN DEL TÍTULO | |
| Título | Informe final del Ejercicio Profesional Supervisado, realizado en Grupo Esmeralda los Kuatro, Sociedad Anónima, Tactic, Alta Verapaz/ |
| Mención de responsabilidad, etc. | Felipe Antonio Caál Cuc |
| Medio | Impreso |
| 264 ## - PRODUCCIÓN, PUBLICACIÓN, DISTRIBUCIÓN, FABRICACIÓN Y COPYRIGHT | |
| Producción, publicación, distribución, fabricación y copyright | Cobán, Alta Verapaz: |
| Nombre del de productor, editor, distribuidor, fabricante | Universidad de San Carlos de Guatemala, Centro Universitario del Norte, Licenciatura en Contaduría Pública y Auditoría. |
| 300 ## - DESCRIPCIÓN FÍSICA | |
| Extensión | 51 p.: |
| Otras características físicas | Ilustraciones, gráficas. |
| Dimensiones | 28 cm; PDF |
| 336 ## - TIPO DE CONTENIDO | |
| Fuente | rdacontenido |
| Término de tipo de contenido | Texto |
| Código de tipo de contenido | txt |
| 337 ## - TIPO DE MEDIO | |
| Fuente | rdamedio |
| Nombre/término del tipo de medio | Computadora |
| Código del tipo de medio | n |
| 338 ## - TIPO DE SOPORTE | |
| Fuente | rdasoporte |
| Nombre/término del tipo de soporte | Código en línea |
| Código del tipo de soporte | cr |
| 502 ## - NOTA DE TESIS | |
| identificador de la tesis | . |
| 502 ## - NOTA DE TESIS | |
| Nota de tesis | Tesis de grado |
| Tipo de título | Licenciatura en Contaduría Pública y Auditoría. |
| Nombre de la institución que otorga el título | Universidad de San Carlos de Guatemala, Centro Universitario del Norte, Licenciatura en Contaduría Pública y Auditoría. |
| Año de obtención del título | 2019 |
| Identificador de la tesis | TCPA 84 |
| 520 14 - RESUMEN, ETC. | |
| Sumario, etc. | La Universidad de San Carlos de Guatemala, a través del Centro<br/>Universitario del Norte y la carrera de Contaduría Pública y Auditoría, su principal<br/>objetivo es brindar a los futuros profesionales el conocimiento y las habilidades<br/>para detectar situaciones socioeconómicas que atraviesa el país para hacer las<br/>recomendaciones necesarias.<br/><br/>El presente informe contiene los resultados del Ejercicio Profesional<br/>Supervisado, realizado en la empresa Grupo Esmeralda Los Kuatro, Sociedad<br/>Anónima que se localiza en el municipio de Tactic, Alta Verapaz, elaborado en el<br/>área de control interno, durante el año 2016.<br/><br/>El diagnóstico realizado en el departamento administrativo-contable de la<br/>empresa, determinó realizar las actividades de: contabilidad agraria, manual<br/>contable, auditoría de caja y bancos, auditoria de incumplimiento de los deberes<br/>formales y/o las obligaciones sustantivas y sistema de control de inventario de los<br/>insumos.<br/><br/>Al realizar el plan de trabajo se elaboró un cronograma donde se establecen<br/>los procedimientos a seguir en los meses de junio a septiembre, durante ese<br/>período se ejecutaron las actividades detalladas en dicho informe.<br/><br/>Al definir las actividades para la primera intervención, se implementó una<br/>estructura para la contabilidad agraria, la que permite obtener información sobre<br/>el entorno que involucra al proceso del engorde de ganado bovino. <br/>La segunda intervención realizada fue la implementación de un manual<br/>contable que servirá como guía al área de contabilidad y para que tenga un<br/>instrumento para la realización de las actividades contables.<br/><br/>La tercera intervención fue realizar una auditoría a las cuentas de caja y<br/>bancos, para dar una opinión sobre la razonabilidad de los saldos presentados en<br/>los estados financieros.<br/><br/>Finalmente se desarrollaron y ejecutaron cada una de las propuestas<br/>jerarquizadas de mayor a menor importancia, se contribuyó al fortalecimiento del<br/>control interno de la empresa Grupo Esmeralda los Kuatro, Sociedad Anónima. |
| 650 ## - PUNTO DE ACCESO ADICIONAL DE MATERIA--TÉRMINO DE MATERIA | |
| Fuente del encabezamiento o término | LEMB |
| Término de materia o nombre geográfico como elemento de entrada | Cobán, Alta Verapaz |
| Subdivisión general | estructura contable |
| -- | manuales |
| -- | auditorias |
| -- | caja y bancos |
| 700 ## - ENTRADA AGREGADA--NOMBRE PERSONAL | |
| Nombre de persona | Lic. José Alfonso Barrios Figueroa |
| Término indicativo de función/relación | Asesor |
| 856 ## - LOCALIZACIÓN Y ACCESO ELECTRÓNICOS | |
| Identificador Uniforme de Recurso | <a href="https://drive.google.com/file/d/1outd-Zy1CxPNRSY02SDxY6aEW4cAPX1U/view?usp=sharing">https://drive.google.com/file/d/1outd-Zy1CxPNRSY02SDxY6aEW4cAPX1U/view?usp=sharing</a> |
| Texto de enlace | |
| Nota pública | Un ejemplar en línea. |
| 942 ## - ELEMENTOS DE ENTRADA SECUNDARIOS (KOHA) | |
| Fuente de la clasificación o esquema de estantería | Clasificación Decimal Dewey |
| Tipo de ítem Koha | TESIS |
| Parte de la signatura que identifica el ejemplar (Parte del ítem) | TCPA_84 |
| Prefijo de la signatura | Clasificación |
| Suprimir en OPAC | No |
| -- | TCPA__84 |
| Estatus retirado | Estado de pérdida | Fuente de la clasificación o esquema de estantería | Estado de daño | No para préstamo | Colección | Biblioteca de origen | Biblioteca actual | Ubicación en estantería | Fecha de adquisición | Número de inventario | Total de préstamos | Signatura topográfica completa | Código de barras | Visto por última vez | Precio de reemplazo | Tipo de ítem Koha |
|---|---|---|---|---|---|---|---|---|---|---|---|---|---|---|---|---|
| Clasificación Decimal Dewey | tesis | BIBLIOTECA- CUNOR -JOSÉ LUIS GONZALES ROSALES | BIBLIOTECA- CUNOR -JOSÉ LUIS GONZALES ROSALES | Colección tesis | 18/08/2025 | TCPA 084 | TCPA 084 | TCPA 084 | 18/08/2025 | 18/08/2025 | TESIS |